Statistics for Gabon Country Quiz

Click here to take the quiz!

General Stats

  • This quiz has been taken 73 times
  • The average score is 3 of 12

Answer Stats

HintAnswer% Correct
CapitalLibreville
97%
CurrencyCentral African CFA Franc
39%
Second Largest CityPort Gentil
26%
Above is on what peninsulaCape Lopez Peninsula
16%
Third largest cityFranceville
16%
Highest pointMont Bengoue
16%
Longest RiverOgooue River
16%
Beach national park in the southwestLoango National Park
13%
Fourth largest cityOyem
13%
Large Massif in the southChaillu Massif
10%
Second longest riverNgounie River
10%
Mountain range in north shared with Equatorial GuineaCristal Mountains
6%

Score Distribution

Percentile by Number Answered

Percent of People with Each Score

Your Score History

You have not taken this quiz